Simulačné manažérske hry ako nástroj zvyšovania kvality ľudského kapitálu podniku

Pojem simulačné manažérske hry. Klasifikácia hier na: celopodnikové hry a funkčné hry, systémové hry a hranie rolí, konkurenčné hry a nekonkurenčné hry. Simulačné manažérske hry ako nástroj rozvoja ľudského kapitálu v podniku.

Enregistré dans:
Détails bibliographiques
Auteur principal: Stankovič, Lýdia
Autres auteurs: Fabinyová, Radka, 1986-
Format: Chapitre de livre
Langue:slovaque
Sujets:
Tags: Ajouter un tag
Pas de tags, Soyez le premier à ajouter un tag!

MARC

LEADER 00000naa$a2200000$$$4500
001 0164933
005 20240614080716.7
041 0 |a slo 
044 |a SK 
245 1 0 |a Simulačné manažérske hry ako nástroj zvyšovania kvality ľudského kapitálu podniku  |c Lýdia Stankovič, Radka Fabinyová 
520 |a Pojem simulačné manažérske hry. Klasifikácia hier na: celopodnikové hry a funkčné hry, systémové hry a hranie rolí, konkurenčné hry a nekonkurenčné hry. Simulačné manažérske hry ako nástroj rozvoja ľudského kapitálu v podniku. 
610 2 0 |a hry simulačné manažérske 
610 2 0 |a manažment 
610 2 0 |a simulácia 
610 2 0 |a klasifikácia 
610 2 0 |a pojmy 
610 2 0 |a kapitál ľudský 
100 1 |a Stankovič, Lýdia 
700 1 |a Fabinyová, Radka, 1986-